|
|
|
|
| LEADER |
00000nam0a2200000 4500 |
| 001 |
278347 |
| 005 |
20231101235114.0 |
| 020 |
|
|
|a RU
|b 86-32122
|
| 035 |
|
|
|a (RuTPU)RU\TPU\book\301624
|
| 090 |
|
|
|a 278347
|
| 100 |
|
|
|a 20141211d1986 k y0rusy5003 ca
|
| 101 |
1 |
|
|a rus
|c eng
|
| 102 |
|
|
|a RU
|
| 105 |
|
|
|a y z 000zy
|
| 200 |
1 |
|
|a Эффективность стандартизации
|f пер. с англ.
|f под ред. В. В. Ткаченко ; А. М. Медведева
|
| 210 |
|
|
|a Москва
|c Изд-во стандартов
|d 1986
|
| 215 |
|
|
|a 143 с.
|
| 606 |
1 |
|
|a Стандартизация
|2 stltpush
|3 (RuTPU)RU\TPU\subj\67652
|9 83373
|
| 610 |
1 |
|
|a эффективность
|
| 610 |
1 |
|
|a качественная оценка
|
| 610 |
1 |
|
|a количественная оценка
|
| 610 |
1 |
|
|a примеры
|
| 610 |
1 |
|
|a приоритетность
|
| 610 |
1 |
|
|a области
|
| 675 |
|
|
|a 006
|v 4
|
| 702 |
|
1 |
|a Ткаченко
|b В. В.
|g Всеволод Васильевич
|4 340
|
| 702 |
|
1 |
|a Медведев
|b А. М.
|4 340
|
| 801 |
|
0 |
|a RU
|b RuMRKP
|c 19950704
|g psbo
|
| 801 |
|
1 |
|a RU
|b 63413507
|c 20141211
|
| 801 |
|
2 |
|a RU
|b 63413507
|c 20170411
|g RCR
|
| 942 |
|
|
|c BK
|